[Event "Aligarh Pavna op"]
[Site "Aligarh"]
[Date "2016.05.20"]
[Round "7"]
[White "Himanshu, Agarwal"]
[Black "Diwan, Rajesh"]
[Result "1-0"]
[WhiteElo "1685"]
[BlackElo "1799"]
[PlyCount "90"]
[EventDate "2016.05.17"]
[EventType "swiss"]
[EventRounds "9"]
[EventCountry "IND"]
[SourceTitle "CBM 172 Extra"]
[Source "ChessBase"]
[SourceDate "2016.06.21"]
[SourceVersion "1"]
[SourceVersionDate "2016.06.21"]
[SourceQuality "1"]

1. e4 d6 2. Nf3 Nf6 3. Nc3 c6 4. d4 g6 5. Be2 Bg7 6. 0-0 0-0 7. Re1 Bg4 8. h3 Bxf3 9. Bxf3 e5 10. dxe5 dxe5 11. Qxd8 Rxd8 12. Be3 Na6 13. a3 Nc7 14. Rad1 b6 15. Rxd8+ Rxd8 16. Rd1 Rxd1+ 17. Bxd1 Ne6 18. f3 Ne8 19. Na2 c5 20. c3 Kf8 21. Bb3 Nf4 22. Bc4 Nd6 23. Bf1 f5 24. g3 Ne6 25. Bd3 f4 26. Bf2 fxg3 27. Bxg3 Nf4 28. Bf1 g5 29. Nc1 Ke7 30. h4 h6 31. hxg5 hxg5 32. Nd3 Nxd3 33. Bxd3 c4 34. Bc2 Kd7 35. Bf2 Kc6 36. Be3 Bf6 37. Kg2 Nf7 38. Kg3 Nh6 39. a4 a6 40. b3 cxb3 41. Bxb3 a5 42. Kf2 Be7 43. Ke2 Bd8 44. Kd3 Kc7 45. Bd5 Kb8 1-0